000 00803nas a2200277 4500
001 BR0105175
003 BR-BrBNA
005 20231205102520.0
007 ta
008 230509b bl.|||p| |||| 00| 00por d
040 _aBR-BrBNA
_bpor
_cBiblioteca Nacional de Agricultura
041 _a(Pt)
072 _aH20
100 1 _aBruno, A.C.
100 1 _aUrashima, A.S.
245 1 _aInter-relacao sexual de Magnaporthe grisea do trigo e de outros hospedeiros
650 _aTrigo
650 _aBrusone
650 _aMicelio
650 _aFertilidade
650 _aHospedeiro Vegetal
650 _aVariacao Genetica
773 0 _tFitopatologia Brasileira (Brazil)
_xISSN 0100-4158
_g(Mar 2001), v. 26(1) p. 21-26
_wBR0105175
909 _a202311
_bLúcia
_c55
_dLúcia Elande
942 _2AGRIS
_n0
_cANA
999 _c167960
_d167960